INTERNATIONAL COMMERCIAL ARBITRATION PRACTICE & PROCEDURE - ENFORCEMENT OF FOREIGN AWARDS (COVERING MORE THAN 75 COUNTRIES) (Record no. 9716)

MARC details
000 -LEADER
fixed length control field 00458nam a22001577a 4500
003 - CONTROL NUMBER IDENTIFIER
control field SGT
020 ## - INTERNATIONAL STANDARD BOOK NUMBER
International Standard Book Number 9789350351291
082 ## - DEWEY DECIMAL CLASSIFICATION NUMBER
Classification number 341.522BAN
100 ## - MAIN ENTRY--PERSONAL NAME
Personal name BANSAL, ASHWINIE KUMAR
245 ## - TITLE STATEMENT
Title INTERNATIONAL COMMERCIAL ARBITRATION PRACTICE & PROCEDURE - ENFORCEMENT OF FOREIGN AWARDS (COVERING MORE THAN 75 COUNTRIES)
250 ## - EDITION STATEMENT
Edition statement 1ST
260 ## - PUBLICATION, DISTRIBUTION, ETC. (IMPRINT)
Place of publication, distribution, etc NEW DELHI
Name of publisher, distributor, etc UNIVERSAL BOOKS
Year of Publication 2012
300 ## - PAGE DESCRIPTION
No. of Pages 1254
650 ## - SUBJECT ADDED ENTRY--TOPICAL TERM
Topical term or geographic name as entry element COMMERCIAL ARBITRATION
942 ## - ADDED ENTRY ELEMENTS (KOHA)
Source of classification or shelving scheme Dewey Decimal Classification
Koha item type Books
Holdings
Withdrawn status Lost status Source of classification or shelving scheme Damaged status Not for loan Collection code Home library Current library Shelving location Date acquired Vendor Name Cost, normal purchase price SGTU Bill Number Total Checkouts Full call number Accession No. (Barcode) Date last seen Bill Date Koha item type
    Dewey Decimal Classification     LAW SGT Science & Social Sciences Library SGT Science & Social Sciences Library Text Book 29/07/2016 JUPITER LAW HOUSE 1495.00 SGTU 856   341.522BAN FL336 29/07/2016   Books
    Dewey Decimal Classification   Not For Loan LAW SGT Science & Social Sciences Library SGT Science & Social Sciences Library Reference Book 29/07/2016 JUPITER LAW HOUSE 1495.00 SGTU 856   341.522BAN FL337 29/07/2016   Books